00313nam a2200121Ia 4500008004100000100002100041245004300062260003500105300000800140650001900148942000700167999001700174190216s9999||||xx |||||||||||||| ||und|| aBalakrishnan B N 4aThe Silver Lute An Anthology Of Poetry bMac Millian And Com. Ltdc1983 a78p aEnglish Poetry cBK c13189d13189